000
00267nam a2200109Ia 4500
008
231212s1994 xx 000 0 und d
041
_a
eng
082
_a
621.382
100
_a
Rajaraman V.
245
_a
Computer Programming In Pascal
260
_a
India
_b
Prentic
_c
1994
999
_c
964728
_d
964728